000 00928nam a22002177a 4500
003 UA-OsUOA
001 39944
007 ta
008 20080525b un ||||| |||| 00| 0 ukr d
100 _aУмінський В. Королевський Ф.
090 _a09-082
942 _cBK
040 _aUA-OsUOA
_bukr
_cUA-OsUOA
_dUA-OsUOA
245 _aЯк повстала наша земля і який буде її кінець.- Вінніпег, 1920
_bМулярчик І. На филях любови (поезії); Опир (галицька лєгенда). - 1916; Лункевич В. З житя первісного чоловіка і сучасних дикунів. - Львів, 1912; Підеша. Які є люди на землі?. - Н.Й., 1916
955 _a1
041 _aukr
080 _a09-082
246 3 1 _a(Зшиті різні книги)
_nКнига 10,11,12
650 7 _2UDC
999 _c438453
_d438453